Macroeconomía / (Record no. 57493)

MARC details
000 -LEADER
campo de control de longitud fija 00651nam a2200205 i 4500
001 - NÚMERO DE CONTROL
campo de control 57493
003 - IDENTIFICADOR DE NÚMERO DE CONTROL
campo de control ES-MaACL
005 - FECHA Y HORA DE LA ÚLTIMA TRANSACCIÓN
campo de control 20230906163605.0
007 - CAMPO FIJO DE DESCRIPCIÓN FÍSICA--INFORMACIÓN GENERAL
campo de control de longitud fija t|
008 - DATOS DE LONGITUD FIJA--INFORMACIÓN GENERAL
campo de control de longitud fija 031016s1981 ck ||||1| spa d
100 1# - ENTRADA PRINCIPAL--NOMBRE DE PERSONA
Nombre de persona Dornbusch, Rudiger.
9 (RLIN) 45414
245 10 - MENCIÓN DEL TÍTULO
Título Macroeconomía /
Mención de responsabilidad, etc. Rudiger Dornbusch, Stanley Fischer ; revisión Ruben Darío Echeverri, Eduardo Fernández.
250 ## - MENCION DE EDICION
Mención de edición 1ª ed. rev.
260 ## - PUBLICACIÓN, DISTRIBUCIÓN, ETC.
Lugar de publicación, distribución, etc. Bogotá :
Nombre del editor, distribuidor, etc. McGraw-Hill,
Fecha de publicación, distribución, etc. [1981]
300 ## - DESCRIPCIÓN FÍSICA
Extensión 692 p. ;
Dimensiones 23 cm.
700 1# - ENTRADA AGREGADA--NOMBRE PERSONAL
Nombre de persona Fischer, Stanley.
9 (RLIN) 51011
700 1# - ENTRADA AGREGADA--NOMBRE PERSONAL
Nombre de persona Echeverri, Rubén Darío.
9 (RLIN) 46567
700 1# - ENTRADA AGREGADA--NOMBRE PERSONAL
Nombre de persona Fernández, Eduardo.
9 (RLIN) 49355
852 ## - LOCALIZACIÓN
Ubicación ES-MaACL
Número de control de estantería L-3372
Sublocalización o colección R.103486
Holdings
Estatus retirado Estado de pérdida Estado de daño No para préstamo Biblioteca de origen Biblioteca actual Ubicación en estantería Fecha de adquisición Fuente de adquisición Total de préstamos Signatura topográfica completa Código de barras Visto por última vez Precio de reemplazo Tipo de ítem Koha
        Biblioteca del Ateneo de Madrid Biblioteca del Ateneo de Madrid Depósito 2 17/01/2008     L-3372 1060356 23/02/2023 23/02/2023 Libro impreso